El Pou. Publicació del Grup d'Estudis de la Vall d'Horta i la Muntanya Pelada. Número especial. Atles de l'aigua d'Horta-Guinardó Número especial. Atles de l'aigua d'Horta-Guinardó
Descripción Física:
95 p. il. 30 cm
Idioma:
Catalán
MARC
| LEADER | 00000nam a22000007a 4500 | ||
|---|---|---|---|
| 001 | 25090 | ||
| 003 | Arxiu | ||
| 005 | 20260324180724.0 | ||
| 008 | 211221b spa||||| |||| 00| 0 cat d | ||
| 110 | |9 52438 |a El Pou. Grup d'Estudis de la Vall d'Horta i la Muntanya Pelada | ||
| 245 | |a El Pou. Publicació del Grup d'Estudis de la Vall d'Horta i la Muntanya Pelada. |b Número especial. Atles de l'aigua d'Horta-Guinardó | ||
| 260 | |a Barcelona |b el Grup |c 2019 | ||
| 300 | |a 95 p. |b il. |c 30 cm | ||
| 942 | |c ARXIU |n 1 |2 udc | ||
| 952 | |0 0 |1 0 |2 udc |4 0 |6 BIB369 |7 1 |9 60908 |a Arxiu |b Arxiu |d 2021-12-21 |o Bib-369 |p 25090 |r 2021-12-21 00:00:00 |w 2021-12-21 |y ARXIU | ||
| 999 | |c 81035 |d 81035 | ||